[Event "Madrid-ch (Women) 1213"]
[Site "Madrid"]
[Date "2013.01.12"]
[Round "2"]
[White "Ruiz Bazaga, Miriam"]
[Black "Monge Gilgado, Eva Maria"]
[Result "0-1"]
[WhiteElo "1597"]
[BlackElo "1851"]
[PlyCount "66"]
[EventDate "2013.01.11"]
[EventType "swiss"]
[EventRounds "7"]
[EventCountry "ESP"]
[SourceTitle "EXT 2015"]
[Source "ChessBase"]
[SourceDate "2014.11.20"]
[SourceVersion "1"]
[SourceVersionDate "2014.11.20"]
[SourceQuality "1"]

1. e4 c5 2. c3 e6 3. d4 cxd4 4. cxd4 d5 5. e5 Nc6 6. Nf3 Nge7 7. Nc3 Nf5 8. Bb5 Qb6 9. 0-0 Bb4 10. Bxc6+ Qxc6 11. Ne2 Bd7 12. Bd2 Be7 13. Rc1 Qb6 14. Rc2 Bb5 15. Bc3 0-0 16. Qd2 Qa6 17. Re1 Qxa2 18. Nf4 Rac8 19. Rcc1 Qb3 20. Nh5 Kh8 21. Qf4 Bd3 22. g4 Nh6 23. g5 Nf5 24. h4 a5 25. Bxa5 Qxb2 26. Rxc8 Rxc8 27. Bd2 Be4 28. Nh2 Qxd4 29. Be3 Qa4 30. f3 Bc2 31. Qxa4 Bxa4 32. Bb6 Nxh4 33. f4 Bc5+ 0-1

[Event "Madrid-ch U18"]
[Site "Madrid"]
[Date "2012.12.27"]
[Round "2"]
[White "Vazquez Cabeza, Isaac"]
[Black "Monge Gilgado, Eva Maria"]
[Result "0-1"]
[WhiteElo "1497"]
[BlackElo "1851"]
[PlyCount "122"]
[EventDate "2012.12.26"]
[EventType "swiss"]
[EventRounds "7"]
[EventCountry "ESP"]
[SourceTitle "EXT 2014"]
[Source "ChessBase"]
[SourceDate "2013.11.20"]
[SourceVersion "1"]
[SourceVersionDate "2013.11.20"]
[SourceQuality "1"]

1. c4 e6 2. Nc3 d5 3. cxd5 exd5 4. d3 Nf6 5. Nf3 Be7 6. g3 b6 7. Bg2 0-0 8. 0-0 Bb7 9. Bf4 c5 10. Re1 d4 11. Nb5 Nd5 12. Ne5 Na6 13. Nc4 Qd7 14. Bxd5 Qxd5 15. f3 Bg5 16. Bxg5 Qxg5 17. Qd2 Qxd2 18. Nxd2 Nb4 19. Rec1 f5 20. a3 Nd5 21. Nd6 Rab8 22. Nxb7 Rxb7 23. f4 Re7 24. Kf2 Rfe8 25. Re1 Ne3 26. h3 Nc2 27. Rac1 Nxe1 28. Rxe1 Kf7 29. Nc4 Kf6 30. Nd6 Rd8 31. Nc4 g5 32. b3 gxf4 33. gxf4 Rg8 34. Ne5 Reg7 35. Nf3 Rg2+ 36. Kf1 R2g3 37. Ng5 h6 38. Kf2 Re3 39. Nf3 Rge8 40. h4 R8e7 41. Nd2 Rh3 42. Nf3 Re3 43. Rf1 Rhxf3+ 44. exf3 Rxd3 45. Rb1 Rd2+ 46. Kg3 Ra2 47. a4 a6 48. h5 b5 49. axb5 axb5 50. Rc1 c4 51. bxc4 b4 52. c5 d3 53. c6 d2 54. Rd1 Ke6 55. Kf2 Kd6 56. Ke2 Kxc6 57. Rxd2 Rxd2+ 58. Kxd2 Kc5 59. Kd3 Kb5 60. Kc2 Kc4 61. Kb2 b3 0-1

[Event "Madrid Chamartin op 1st"]
[Site "Madrid"]
[Date "2012.09.09"]
[Round "1"]
[White "Sanchez Gonzalez, Sergio"]
[Black "Monge Gilgado, Eva Maria"]
[Result "1-0"]
[WhiteElo "2273"]
[BlackElo "1856"]
[PlyCount "29"]
[EventDate "2012.09.09"]
[EventType "swiss"]
[EventRounds "9"]
[EventCountry "ESP"]
[SourceTitle "CBM 150 Extra"]
[Source "ChessBase"]
[SourceDate "2012.10.19"]
[SourceVersion "1"]
[SourceVersionDate "2012.10.19"]
[SourceQuality "1"]

1. c4 e6 2. g3 Nf6 3. Bg2 d5 4. Nf3 Be7 5. 0-0 0-0 6. b3 b6 7. cxd5 exd5 8. Bb2 Bb7 9. d4 Nbd7 10. Ne5 Re8 11. Nc3 Bd6 12. f4 Ne4 13. Nxe4 dxe4 14. Qc2 f6 15. Qc4+ 1-0

[Event "ESP-ch U16"]
[Site "Salobrena"]
[Date "2012.07.19"]
[Round "6"]
[White "Gutierrez Valero, Mario"]
[Black "Monge Gilgado, Eva Maria"]
[Result "0-1"]
[WhiteElo "2135"]
[BlackElo "1847"]
[PlyCount "80"]
[EventDate "2012.07.16"]
[EventType "swiss"]
[EventRounds "9"]
[EventCountry "ESP"]
[SourceTitle "EXT 2014"]
[Source "ChessBase"]
[SourceDate "2013.11.20"]
[SourceVersion "1"]
[SourceVersionDate "2013.11.20"]
[SourceQuality "1"]

1. d4 d5 2. Nf3 Nf6 3. c4 e6 4. e3 Be7 5. Bd3 0-0 6. 0-0 dxc4 7. Bxc4 c5 8. Qe2 Nc6 9. Rd1 cxd4 10. exd4 Qc7 11. Nc3 a6 12. a3 b5 13. Bd3 Bb7 14. Bg5 Rad8 15. Rac1 Nd5 16. Qe4 g6 17. Qh4 Rfe8 18. Nxd5 exd5 19. Ne5 Bxg5 20. Qxg5 Qd6 21. Ng4 Kh8 22. Bb1 Bc8 23. Ne3 Na5 24. Rc5 Be6 25. h4 Kg8 26. h5 Qe7 27. Qg3 Nc4 28. Re1 Qf6 29. hxg6 hxg6 30. Nxc4 bxc4 31. Re5 Rb8 32. b4 cxb3 33. f4 b2 34. f5 Bxf5 35. Bxf5 Rxe5 36. Bb1 Ree8 37. Rxd5 Qc6 38. Rc5 Qd7 39. Rc7 Qxd4+ 40. Kh2 Ra8 0-1

[Event "Madrid-ch sf-B"]
[Site "Madrid"]
[Date "2012.03.22"]
[Round "1"]
[White "Monge Gilgado, Eva Maria"]
[Black "Baeza Escudero, Javier"]
[Result "0-1"]
[WhiteElo "1817"]
[BlackElo "2029"]
[PlyCount "80"]
[EventDate "2012.03.22"]
[EventType "swiss"]
[EventRounds "9"]
[EventCountry "ESP"]
[SourceTitle "EXT 2013"]
[Source "ChessBase"]
[SourceDate "2012.11.22"]
[SourceVersion "1"]
[SourceVersionDate "2012.11.22"]
[SourceQuality "1"]

1. e4 e5 2. Bc4 Nc6 3. c3 Nf6 4. d3 Be7 5. Nf3 0-0 6. 0-0 d6 7. Bb3 Na5 8. Bc2 c5 9. Bg5 Nc6 10. Re1 Qc7 11. Nbd2 Be6 12. Nf1 d5 13. exd5 Nxd5 14. Bxe7 Ndxe7 15. Ng5 Bf5 16. Ng3 Bg6 17. Qe2 Nd5 18. N3e4 b6 19. g3 Rae8 20. Bb3 Nde7 21. h4 h6 22. h5 Bf5 23. g4 Bc8 24. Nxf7 Rxf7 25. Qf3 Ref8 26. g5 Na5 27. Bxf7+ Rxf7 28. Qe2 Nd5 29. gxh6 Qe7 30. h7+ Kxh7 31. Ng3 Qf6 32. Qe4+ Kh8 33. Qxd5 Qxf2+ 34. Kh1 Bb7 35. Qxb7 Nxb7 36. Rf1 Qxb2 37. Rxf7 Qxa1+ 38. Kg2 Qxa2+ 39. Rf2 Qd5+ 40. Ne4 Nd6 0-1

[Event "Madrid-ch (Women)"]
[Site "Madrid"]
[Date "2011.10.29"]
[Round "4"]
[White "Useche Ramirez, Maryorit"]
[Black "Monge Gilgado, Eva Maria"]
[Result "0-1"]
[WhiteElo "1777"]
[BlackElo "1833"]
[PlyCount "108"]
[EventDate "2011.10.21"]
[EventType "tourn"]
[EventRounds "5"]
[EventCountry "ESP"]
[SourceTitle "EXT 2014"]
[Source "ChessBase"]
[SourceDate "2013.11.20"]
[SourceVersion "1"]
[SourceVersionDate "2013.11.20"]
[SourceQuality "1"]

1. e4 c5 2. g3 d6 3. Bg2 Nc6 4. f4 g6 5. Nf3 Bg7 6. c3 Nf6 7. Qe2 e5 8. d3 0-0 9. 0-0 exf4 10. Bxf4 d5 11. e5 Nh5 12. d4 Nxf4 13. gxf4 cxd4 14. Nxd4 Qb6 15. Rd1 h5 16. Qb5 Bg4 17. Qxb6 axb6 18. Rd3 Bh6 19. h3 Nxd4 20. Rxd4 Be6 21. Kf2 f6 22. exf6 Rxf6 23. Bxd5 Bxd5 24. Rxd5 Bxf4 25. Ke2 Bc1 26. a4 Bxb2 27. Ra2 Bc1 28. Rd7 Raf8 29. Kd3 Rf3+ 30. Kc4 R8f7 31. Rd6 R3f6 32. Rd5 Kg7 33. Rg2 Kh6 34. Rc2 Be3 35. Re2 Rc7+ 36. Kb5 Rc5+ 37. Rxc5 Bxc5 38. Nd2 Rf4 39. Ne4 Rf3 40. Nxc5 bxc5 41. c4 Rxh3 42. Kxc5 Rb3 43. Re6 h4 44. a5 h3 45. Re2 g5 46. Kd4 g4 47. c5 g3 48. Kc4 Rb1 49. Re6+ Kg5 50. Rb6 Rc1+ 51. Kd4 g2 52. Rxb7 g1Q+ 53. Kd3 Qd1+ 54. Ke3 Rc3+ 0-1

[Event "Madrid-ch (Women)"]
[Site "Madrid"]
[Date "2011.10.28"]
[Round "3"]
[White "Monge Gilgado, Eva Maria"]
[Black "Martinez Hernandez, Noemi"]
[Result "1/2-1/2"]
[WhiteElo "1833"]
[BlackElo "1913"]
[PlyCount "66"]
[EventDate "2011.10.21"]
[EventType "tourn"]
[EventRounds "5"]
[EventCountry "ESP"]
[SourceTitle "EXT 2014"]
[Source "ChessBase"]
[SourceDate "2013.11.20"]
[SourceVersion "1"]
[SourceVersionDate "2013.11.20"]
[SourceQuality "1"]

1. e4 e6 2. Qe2 Nf6 3. g3 c5 4. Bg2 Nc6 5. c3 d5 6. e5 Nd7 7. f4 a6 8. Nf3 Be7 9. d3 b5 10. Be3 c4 11. d4 b4 12. Qc2 Bb7 13. f5 Nb6 14. fxe6 fxe6 15. 0-0 0-0 16. Bh3 Bc8 17. Nbd2 Bd7 18. Rf2 bxc3 19. bxc3 Na7 20. Raf1 g6 21. Bh6 Rf7 22. Nh4 Rxf2 23. Rxf2 Qe8 24. Ndf3 Nb5 25. Ng5 Bxg5 26. Bxg5 Nc7 27. Bh6 Ba4 28. Qe2 Nd7 29. Qg4 Rb8 30. Bf1 Nb5 31. Bh3 Nc7 32. Bf1 Nb5 33. Bh3 Nc7 1/2-1/2

[Event "Madrid-ch sf-A"]
[Site "Madrid"]
[Date "2011.01.26"]
[Round "6"]
[White "Monge Gilgado, Eva Maria"]
[Black "Alvarez Abejon, Amilcar"]
[Result "1/2-1/2"]
[WhiteElo "1832"]
[BlackElo "2094"]
[PlyCount "68"]
[EventDate "2011.01.17"]
[EventType "swiss"]
[EventRounds "9"]
[EventCountry "ESP"]
[SourceTitle "CBM 140 Extra"]
[Source "ChessBase"]
[SourceDate "2011.03.01"]
[SourceVersion "1"]
[SourceVersionDate "2011.03.01"]
[SourceQuality "1"]

1. e4 e5 2. Bc4 Nf6 3. d3 Nc6 4. c3 Bc5 5. Nf3 a6 6. Bb3 d6 7. 0-0 0-0 8. Re1 Ba7 9. Nbd2 Ng4 10. Re2 Kh8 11. Nf1 f5 12. exf5 Bxf5 13. Ne3 Nxe3 14. fxe3 Bg4 15. Rf2 e4 16. dxe4 Ne5 17. Nxe5 Bxd1 18. Rxf8+ Qxf8 19. Nf7+ Qxf7 20. Bxf7 Bc2 21. Bd2 Bxe4 22. Rf1 Rf8 23. Bh5 Rxf1+ 24. Kxf1 g5 25. Kf2 Kg7 26. Kg3 Kf6 27. Bf3 d5 28. h4 c6 29. hxg5+ Kxg5 30. a3 Bb8+ 31. Kf2 Bc2 32. e4+ Kf6 33. exd5 Ba4 34. dxc6 Bxc6 1/2-1/2

[Event "Madrid-ch sf-A"]
[Site "Madrid"]
[Date "2011.01.25"]
[Round "5"]
[White "Lopez Heras, Arturo"]
[Black "Monge Gilgado, Eva Maria"]
[Result "0-1"]
[WhiteElo "2021"]
[BlackElo "1832"]
[PlyCount "84"]
[EventDate "2011.01.17"]
[EventType "swiss"]
[EventRounds "9"]
[EventCountry "ESP"]
[SourceTitle "CBM 140 Extra"]
[Source "ChessBase"]
[SourceDate "2011.03.01"]
[SourceVersion "1"]
[SourceVersionDate "2011.03.01"]
[SourceQuality "1"]

1. e4 c5 2. Nf3 e6 3. d4 cxd4 4. Nxd4 d6 5. Nc3 Nf6 6. g4 a6 7. h4 b5 8. g5 Nfd7 9. a3 Be7 10. Be3 Bb7 11. Qd2 Nc5 12. Bg2 Nbd7 13. b4 Na4 14. Nxa4 bxa4 15. f4 Nb6 16. Qe2 Qc7 17. 0-0 Nc4 18. Bf2 0-0 19. f5 e5 20. Nf3 a5 21. b5 Rac8 22. Nh2 Rfd8 23. Ng4 Bf8 24. h5 d5 25. h6 dxe4 26. hxg7 Bxg7 27. f6 Bf8 28. Rfd1 e3 29. Bxe3 Nxe3 30. Nxe3 Bxg2 31. Kxg2 Rxd1 32. Rxd1 Bxa3 33. Rh1 Qb7+ 34. Kg1 Qe4 35. Rh3 Bc1 36. Qe1 Bxe3+ 37. Rxe3 Qg4+ 38. Rg3 Qd4+ 39. Kh2 Qh4+ 40. Kg1 Rxc2 41. Qe3 Qh2+ 42. Kf1 Rb2 0-1

[Event "Madrid-ch sf-A"]
[Site "Madrid"]
[Date "2011.01.24"]
[Round "4"]
[White "Monge Gilgado, Eva Maria"]
[Black "Lorenzo Bailador, Alfredo"]
[Result "0-1"]
[WhiteElo "1832"]
[BlackElo "2018"]
[PlyCount "38"]
[EventDate "2011.01.17"]
[EventType "swiss"]
[EventRounds "9"]
[EventCountry "ESP"]
[SourceTitle "CBM 140 Extra"]
[Source "ChessBase"]
[SourceDate "2011.03.01"]
[SourceVersion "1"]
[SourceVersionDate "2011.03.01"]
[SourceQuality "1"]

1. e4 e5 2. Bc4 Nf6 3. d3 Bc5 4. Nf3 d6 5. c3 Nc6 6. Bb3 Be6 7. Bc2 h6 8. 0-0 Bb6 9. Be3 0-0 10. Nbd2 d5 11. Bxb6 axb6 12. exd5 Nxd5 13. a3 Nf4 14. Ne4 Bg4 15. Re1 Re8 16. Ng3 Qd5 17. c4 Qd7 18. Qd2 Bxf3 19. gxf3 Qh3 0-1

[Event "Madrid-ch sf-A"]
[Site "Madrid"]
[Date "2011.01.19"]
[Round "3"]
[White "Rojas Pozo, Jose Luis"]
[Black "Monge Gilgado, Eva Maria"]
[Result "1/2-1/2"]
[WhiteElo "1946"]
[BlackElo "1832"]
[PlyCount "73"]
[EventDate "2011.01.17"]
[EventType "swiss"]
[EventRounds "9"]
[EventCountry "ESP"]
[SourceTitle "CBM 140 Extra"]
[Source "ChessBase"]
[SourceDate "2011.03.01"]
[SourceVersion "1"]
[SourceVersionDate "2011.03.01"]
[SourceQuality "1"]

1. e4 c5 2. Nf3 e6 3. d4 cxd4 4. Nxd4 d6 5. Nc3 Nf6 6. Bg5 a6 7. f4 b5 8. a3 Bb7 9. Be2 Be7 10. Bf3 Qc7 11. Qe2 Nbd7 12. 0-0-0 0-0 13. e5 dxe5 14. fxe5 Nd5 15. Bxe7 Nxe7 16. Bxb7 Qxb7 17. Nf3 Nb6 18. Ng5 h6 19. Nge4 Ned5 20. g4 Nxc3 21. Nxc3 Rad8 22. h4 Rxd1+ 23. Rxd1 Qc7 24. g5 Nc4 25. Re1 h5 26. Qxh5 Nxe5 27. Qe2 Nc4 28. Qf3 Qh2 29. Rh1 Qd2+ 30. Kb1 Rc8 31. Rd1 Nxa3+ 32. bxa3 Qxc3 33. Qxc3 Rxc3 34. Kb2 Rh3 35. Rd6 a5 36. Ra6 b4 37. a4 1/2-1/2

[Event "Madrid-ch U18"]
[Site "Madrid"]
[Date "2010.12.27"]
[Round "2"]
[White "Morona Minguez, Irene"]
[Black "Monge Gilgado, Eva Maria"]
[Result "1/2-1/2"]
[WhiteElo "1876"]
[BlackElo "1812"]
[PlyCount "170"]
[EventDate "2010.12.26"]
[EventType "swiss"]
[EventRounds "7"]
[EventCountry "ESP"]
[SourceTitle "CBM 140 Extra"]
[Source "ChessBase"]
[SourceDate "2011.03.01"]
[SourceVersion "1"]
[SourceVersionDate "2011.03.01"]
[SourceQuality "1"]

1. e4 c5 2. Nf3 d6 3. d4 cxd4 4. Nxd4 Nc6 5. Bc4 Nf6 6. Nc3 e6 7. 0-0 Be7 8. Kh1 0-0 9. f4 Nxe4 10. Nxc6 bxc6 11. Nxe4 d5 12. Bd3 dxe4 13. Bxe4 Qc7 14. Qf3 Bd7 15. Rd1 Rad8 16. Be3 f5 17. Bd3 Bf6 18. c3 Kh8 19. Bc5 Rfe8 20. Bc4 e5 21. Bf7 e4 22. Qe3 Rf8 23. Bd6 Qb7 24. Bxf8 Rxf8 25. Bb3 Bc8 26. Rd2 Bd8 27. c4 Bf6 28. Rad1 Qe7 29. Ba4 c5 30. Qa3 Be6 31. Bb5 Qc7 32. Qa6 Qf7 33. Rd6 Bc8 34. Qa4 Bd4 35. Ba6 Be6 36. b4 h6 37. bxc5 Bxc5 38. Rd8 Kh7 39. Rxf8 Qxf8 40. Qc6 Bg8 41. Qd7 e3 42. Re1 Qf6 43. Bc8 Bxc4 44. Qxf5+ Qxf5 45. Bxf5+ g6 46. Bg4 Bb6 47. Rd1 Kg7 48. Rd7+ Kf8 49. Rd6 h5 50. Bf3 Ke7 51. Rd1 Ba5 52. Rd4 Bf7 53. Re4+ Kf6 54. Rxe3 Bb6 55. Rc3 Bxa2 56. Rc6+ Kg7 57. Be4 Bf7 58. Rd6 Be3 59. g3 a5 60. Rd7 Kf6 61. Rd3 Bf2 62. Kg2 Be1 63. Bc6 Bb4 64. Ba4 Bc4 65. Rd4 Ba6 66. Kf3 Bb7+ 67. Ke2 Bc8 68. Kd3 Bf5+ 69. Kc4 Be6+ 70. Kb5 g5 71. Bd1 gxf4 72. Rxf4+ Kg5 73. Re4 Bd7+ 74. Kb6 Bg4 75. Bxg4 hxg4 76. Rf4 Bd2 77. Rf1 Bc3 78. Kb5 Bd2 79. Rd1 Bb4 80. Rd5+ Kf6 81. Rd4 Kf5 82. Rf4+ Kg5 83. Rxb4 axb4 84. Kxb4 Kf5 85. Kc5 Ke5 1/2-1/2

[Event "Madrid-ch Previa-A"]
[Site "Madrid"]
[Date "2010.11.25"]
[Round "9"]
[White "Monge Gilgado, Eva Maria"]
[Black "Lopez Garralon, Miguel"]
[Result "0-1"]
[WhiteElo "1812"]
[BlackElo "1882"]
[PlyCount "142"]
[EventDate "2010.11.10"]
[EventType "swiss"]
[EventRounds "9"]
[EventCountry "ESP"]
[SourceTitle "EXT 2012"]
[Source "ChessBase"]
[SourceDate "2011.11.24"]
[SourceVersion "1"]
[SourceVersionDate "2011.11.24"]
[SourceQuality "1"]

1. e4 d6 2. Nc3 Nf6 3. d4 Nbd7 4. Bc4 e5 5. Nf3 Be7 6. 0-0 h6 7. Re1 c6 8. dxe5 dxe5 9. b3 Qc7 10. Bb2 0-0 11. Qe2 b5 12. Bd3 Bc5 13. h3 Nh5 14. Qd2 Nf4 15. Ne2 Nh5 16. b4 Bd6 17. c4 bxc4 18. Bxc4 Nb6 19. Bb3 Qe7 20. a3 Ba6 21. g3 Rad8 22. Qc3 Rfe8 23. Rad1 Bb5 24. Qc2 Qf6 25. Nh4 g6 26. Ng2 Qe7 27. Nc3 Nc4 28. Nxb5 cxb5 29. Bxc4 Rc8 30. Bxf7+ Qxf7 31. Qe2 Bc7 32. Qxb5 Bb6 33. Ne3 Nxg3 34. fxg3 Rc2 35. Qd5 Rxb2 36. Qxf7+ Kxf7 37. Kh1 Rb3 38. Nc4 Rxg3 39. Kh2 Rc3 40. Nd6+ Ke7 41. Nxe8 Kxe8 42. Rd5 Bd4 43. a4 Rc2+ 44. Kh1 Rc3 45. Kg2 Rc2+ 46. Kf3 Rf2+ 47. Kg4 Rf4+ 48. Kg3 Bf2+ 49. Kg2 Bxe1 50. Rxe5+ Kf7 51. b5 Ba5 52. Rd5 Ke6 53. Rd4 Ke5 54. Rd7 Bb6 55. Rh7 h5 56. a5 Bxa5 57. Rxa7 Bb6 58. Re7+ Kd6 59. Re8 g5 60. e5+ Kd7 61. Rh8 h4 62. Rh6 Bc7 63. e6+ Kd6 64. b6 Bd8 65. Rg6 Be7 66. Rg8 Rb4 67. Rb8 Kxe6 68. Rb7 Bd8 69. Ra7 Rxb6 70. Kf3 Kf5 71. Rf7+ Bf6 0-1

[Event "Madrid-ch Previa-A"]
[Site "Madrid"]
[Date "2010.11.22"]
[Round "6"]
[White "Monge Gilgado, Eva Maria"]
[Black "Fernandez Aransay, Fernando"]
[Result "1-0"]
[WhiteElo "1812"]
[BlackElo "1925"]
[PlyCount "103"]
[EventDate "2010.11.10"]
[EventType "swiss"]
[EventRounds "9"]
[EventCountry "ESP"]
[SourceTitle "EXT 2012"]
[Source "ChessBase"]
[SourceDate "2011.11.24"]
[SourceVersion "1"]
[SourceVersionDate "2011.11.24"]
[SourceQuality "1"]

1. e4 c6 2. d4 d5 3. Nc3 dxe4 4. Nxe4 Nd7 5. Nf3 Ngf6 6. Ng3 e6 7. Bd3 c5 8. c3 cxd4 9. Nxd4 Bc5 10. 0-0 0-0 11. Be3 Ne5 12. Ne4 Nxd3 13. Qxd3 Nxe4 14. Qxe4 Qe7 15. f4 Rb8 16. f5 exf5 17. Qxe7 Bxe7 18. Nxf5 Bxf5 19. Rxf5 b6 20. Re1 Rfe8 21. Bd4 f6 22. Rd5 Rb7 23. Kf2 Kf7 24. a4 Rd8 25. Rb5 Rdd7 26. Re2 Bd8 27. Ke1 Re7 28. Rxe7+ Rxe7+ 29. Kd2 Bc7 30. g3 g6 31. Kd3 h5 32. Rd5 h4 33. gxh4 Bxh2 34. a5 Bc7 35. a6 f5 36. b4 f4 37. c4 f3 38. Bf2 Bf4 39. Rd4 Bh2 40. Rd8 Bf4 41. Ra8 Bd6 42. c5 bxc5 43. bxc5 Bf4 44. c6 Re2 45. Rxa7+ Kg8 46. Bb6 Rd2+ 47. Ke4 f2 48. Bxf2 Rxf2 49. c7 Bxc7 50. Rxc7 Rf8 51. a7 Kh8 52. Rb7 1-0